000 00444pab a2200169 454500
008 180718b1999 xxu||||| |||| 00| 0 eng d
100 _aSengupta, Uttam
245 _aToo hasty a requiem for Laloo Yadav
260 _c1999
300 _ap.3106-107
362 _a30 Oct
650 _aIndia. Parliament - Elections
650 _aElections - India - Bihar
650 _aElections
773 _aEconomic and Political Weekly
909 _a42973
999 _c42973
_d42973